000 00438nam a2200157Ia 4500
008 230917s9999||||xx |||||||||||||| ||und||
020 _cRS725
040 _e14951
_aMAIN
041 _aEnglish
082 _a658.3 T326I
100 _aThakur, Devendra, ed.
245 0 _aIndustrialisation and human resources development: Trends in Indian economy
260 _aNew Delhi
_bDeep Publications
_c1993
300 _aviii,728 p.
942 _cBK
999 _c83732
_d83732